000 00572cam a2200193 a 4500
001 000008822
005 20200929161420.0
008 000915s1999 ec 001 0 spa
020 _a9978871896
040 _aDO-SdBNP
_cDLC
082 _aE863.44
_bB928p
100 1 _aBueno Ortíz, Rodolfo.
_923369
245 1 0 _aPasiones a la sombra del Kremlin /
_cRodolfo Bueno Ortíz.
260 _aQuito :
_bEl Conejo,
_c1999.
300 _a399 p. ;
_c21 cm.
650 4 _aNovela ecuatoriana
_95017
650 4 _aLiteratura ecuatoriana
_93938
910 _aCatalogación por copia / LC
999 _c8591
_d8591